| 000 | 01293namaa22003131i 4500 | ||
|---|---|---|---|
| 005 | 20260510123510.0 | ||
| 008 | 260510s1995 ua a|||frm||| 000 0 eng d | ||
| 040 |
_aEG-GICUC _beng _cEG-GICUC _dEG-GICUC _erda |
||
| 041 | 0 |
_aeng _beng _bara |
|
| 049 | _aDeposit | ||
| 097 | _aM.Sc | ||
| 099 | _aCai01.11.01M.Sc.1995.Ma.R | ||
| 100 | 0 |
_aMohmoud Zaki Ahmed Abdel-Kader, _epreparation. |
|
| 245 | 1 | 0 |
_aReview of causes and management of post-operative respiratiory failure / _cBy Mohmoud Zaki Ahmed Abdel-Kader ; Supervisors Prof. Dr. Ezzat Amin Mostafa, Prof. Dr. Mohsen M. El-Mallakh |
| 246 | 1 | 5 | _aمراجعة لاسباب وعلاج الفشل التنفسي بعد الجراحة |
| 264 | 0 | _c1995. | |
| 300 |
_a158 Leaves _billustrations _c30 cm. + |
||
| 336 |
_2rda content _atext |
||
| 337 |
_2rdamedia _aUnmediated |
||
| 338 |
_2rdacarrier _avolume |
||
| 502 | _aThesis (M.Sc.)-Cairo University, 1995 | ||
| 504 | _aBibliography: pages 135-158 | ||
| 653 | 0 | _apost-operative respiratiory failure | |
| 700 | 0 |
_aEzzat Amin Mostafa _ethesis advisor. |
|
| 700 | 0 |
_aMohsen M. El-Mallakh _ethesis advisor. |
|
| 900 |
_DDepartment of Anaesthesia _FFaculty of Medicine _UCairo University _b1995 _cEzzat Amin Mostafa _cMohsen M. El-Mallakh |
||
| 905 | _aNehad | ||
| 942 |
_2ddc _cTH _e21 _n0 |
||
| 999 | _c180068 | ||